AH International Schools' Libraries

Essential questions: (Record no. 49582)

MARC details
000 -LEADER
fixed length control field 00341nam a2200109 4500
020 ## - INTERNATIONAL STANDARD BOOK NUMBER
International Standard Book Number 9781416615057
245 ## - TITLE STATEMENT
Title Essential questions:
Remainder of title opening door to student understanding /
Statement of responsibility, etc Jay McTighe and Grant Wiggins.
260 ## - PUBLICATION, DISTRIBUTION, ETC. (IMPRINT)
Place of publication, distribution, etc Virginia, USA:
Name of publisher, distributor, etc ASCD;
Date of publication, distribution, etc 2013.
300 ## - PHYSICAL DESCRIPTION
Extent 119 p.
Dimensions 27 p.
650 ## - SUBJECT ADDED ENTRY--TOPICAL TERM
Topical term or geographic name as entry element essential questions.
9 (RLIN) 86705
942 ## - ADDED ENTRY ELEMENTS (KOHA)
Source of classification or shelving scheme
Koha item type Teacher's Resources
Holdings
Withdrawn status Lost status Source of classification or shelving scheme Damaged status Not for loan Collection code Home library Current library Shelving location Date acquired Full call number Barcode Date last seen Price effective from Koha item type
          TEACHERS' RESOURCES Asian Hope Secondary Library Asian Hope Secondary Library SECONDARY 09/29/2025 371.3 MCT 208713 09/29/2025 09/29/2025 Teacher's Resources

For any Logos Library related questions please contact Miss Art at swongnarasuk@asianhope.org.

For any Asian Hope Library related questions please contact Miss Raza at graza@asianhope.org.

Click here to explore our ebooks!

Powered by Koha